000 01007nam a2200301 a 4500
001 42787
003 BD-RjUL
005 20211209053607.0
008 160615s1992 my a|||| |||| 001 0 eng d
020 _a9679767310
035 _a(BD-RjUL) 42905
040 _aBD-RjUL
_beng
_cBD-RjUL
041 _aeng
082 _223
_a297.19785
_bREA 1992
245 0 0 _aReadings in microeconomics :
_ban Islamic perspective /
_cedited by Sayyid Tahir, Aidit Ghazali, Syed Omar Syed Agil
260 _aPetaling Jaya :
_bLongman Malaysia,
_c1992
300 _axiii, 298 p. :
_bill. ;
_c22 cm.
490 _aIssues in Islamic economics.
500 _aIncludes index
650 _aIslam
_xEconomic aspects
_9117610
650 _aMicroeconomics
_xIslam
_9131493
650 _aEconomics
_xReligious aspects
_xIslam
_9117609
700 _aTahir, Sayyid
_9131494
700 _aGhazali, Aidit
_9131495
700 _aAgil, Syed Omar Syed
_9131496
830 _aIssues in Islamic economics.
_9187724
942 _2ddc
_cBK
999 _c42787
_d42787